00598nam a22001697a 450000500170000001000150001702000260003203500140005803700130007208200120008510000190009724501180011626000450023427000660027930000250034550000580037020181024143941.0 aENG-124353 a9780199485154c850.00 aEN-107885 bDBAD/PUB a344.046 aSajeva, Giulia aWhen rights embrace responsibilities:cby Giulia Sajevabbiocultural rights and the conservation of environment / aNew DelhibOxford University Pressc2018 bNew Delhie110002a2/11 Ground Floor, Ansari Road, Daryaganj, axxii,185pc21cm.(Hb) aIt includes bibliography, index and about the authors